La filosofía en la edad media
Uloženo v:
| Hlavní autor: | |
|---|---|
| Médium: | Kniha |
| Jazyk: | španělština |
| Vydáno: |
Ciudad de México
UTEHA
1959
|
| Edice: | La evolución de la humanidad. Orígenes del cristianismo y edad media, 66
|
| Témata: | |
| Tagy: |
Přidat tag
Žádné tagy, Buďte první, kdo vytvoří štítek k tomuto záznamu!
|
MARC
| LEADER | 00000nam a2200000 a 4500 | ||
|---|---|---|---|
| 001 | UCP5330 | ||
| 003 | CL-VaPUC | ||
| 008 | 990903e19590000MX |||||||||||||||||spa|d | ||
| 082 | 0 | 4 | |a 189 |b BRE |2 21 |
| 100 | 0 | |a Bréhier, Emile |e author |9 433665 | |
| 245 | 1 | 3 | |a La filosofía en la edad media |
| 300 | |a 342 p | ||
| 942 | |c BK | ||
| 945 | |d 19990903 00:00:00 |a lriquelm | ||
| 260 | |a Ciudad de México |b UTEHA |c 1959 | ||
| 650 | 0 | |a Filosofía medieval |9 256245 | |
| 650 | 0 | |a Escolasticismo |9 264998 | |
| 650 | 0 | |a Escuelas filosóficas |9 266232 | |
| 650 | 0 | |a Averroismo |9 347572 | |
| 650 | 0 | |a Filosofía oriental |9 319113 | |
| 583 | |a last modification |c 19990903 00:00:00 |k Rodrigo Vera | ||
| 490 | 0 | |a La evolución de la humanidad. Orígenes del cristianismo y edad media, 66 | |
| 999 | |c 283097 |d 283095 | ||
| 952 | |0 0 |1 0 |4 0 |6 189_000000000000000_BRE_1959 |7 0 |8 A |9 325873 |a BIBHIS |b BIBHIS |d 2019-11-20 |i 1369032 |o 189 BRE 1959 |p 1369032 |r 2025-01-20 |w 2019-11-20 |y BK |k HIS | ||